Estadísticas para Megaquiz de cultura general

Haz click aquí para intentar la prueba.

Estadísticas generales

  • Esta prueba ha sido intentada 939 veces
    (889 desde el último reinicio)
  • La puntuación promedio es 57 de 100

Estadísticas de respuestas

NúmeroPistaRespuesta% Correcto
1.Número cuyas cifras empiezan por 2,718...El número e
99%
7.Océano más grandeEl océano Pacífico
98%
6.¿Dónde se encuentra la Torre de Pisa?Italia
96%
2.Río más largo de la TierraAmazonas
95%
10.¿Cuál es el país más grande (en superficie) de América del Sur?Brasil
95%
13.Moneda utilizada en Reino UnidoLibra
95%
17.¿Dónde se encuentra el Taj Mahal?India
94%
4.¿Qué tipo de animal es una ballena?Mamífero
93%
31.País más grande en superficie de la TierraRusia
93%
24.¿Quién soplará y soplará, y tu casa derribará?El Lobo
92%
5.Autor de "El Quijote"Miguel de Cervantes
92%
19.¿Qué instrumento se utiliza para ver objetos muy pequeños?Microscopio
91%
78.El año 1852 está en el siglo......XIX
90%
21.¿De qué país es capital Varsovia?Polonia
88%
20.País europeo ganador del Mundial de la FIFA de 2014Alemania
87%
68.¿Qué país tiene la menor prima de riesgo en la UE?Alemania
87%
3.Primera ciudad en albergar los Juegos OlímpicosAtenas
87%
37.¿Cuál es el primer número primo después del 100?101
86%
43.De izquierda a derecha, los colores de la bandera francesa son......azul, blanco, rojo
86%
62.País que tiene por himno la MarsellesaFrancia
86%
12.Segundo planeta del sistema solar empezando por el final (sin Plutón)Urano
86%
29.¿Dónde cayó la primera bomba atómica jamás lanzada?Hiroshima, Japón
85%
25.Autor de "La Odisea"Homero
85%
72.¿Cuántos aros hay en el logo de los JJ.OO?5
82%
52.Causa de la muerte de Adolf HitlerSuicidio
82%
55.Nombre del dios Sol en el Antiguo EgiptoRa
79%
63.¿En qué país se ubica la ciudad de Chernóbil?Ucrania
78%
26.Triángulo con dos lados igualesIsósceles
77%
44.¿En qué país se encuentra la región de Transilvania?Rumanía
77%
15.Antecedente del papelPapiro | Pergamino
76%
11.93 × 11 =1023
75%
32.El proceso de subir una bandera se llama......izar
75%
42.¿En qué año capicúa murió Freddie Mercury?1991
73%
73.¿Cuál es el país más pequeño en superficie del mundo?Ciudad del Vaticano
72%
18.Primer metal empleado por el "Homo Sapiens"Cobre
72%
53.¿Qué ocurrió un 12 de octubre de 1492?Descubrimiento de América
72%
36.¿Qué evento histórico sucedió en 1789?La Revolución Francesa
70%
48.Primer gas nobleHelio
69%
45.¿Qué ciudad turca se encuentra en dos continentes a la vez?Estambul
68%
83.¿En qué galaxia se encuentra la Tierra?La Vía Láctea
68%
14.¿Qué color tiene Sevilla?Especial
67%
57.Cayó derrotado en la batalla de WaterlooNapoleón Bonaparte
67%
27.¿De qué famosa película es protagonista Sylvester Stallone?Rocky
67%
34.Un libro digitalizado se conoce como......ebook
66%
80.80 × 80 =6400
65%
47.¿Cuál es el séptimo arte?El cine
61%
41.Perro ladrador......poco mordedor
61%
71.Animal que no es real de los animales del horóscopo chinoDragón
60%
76.¿De qué carecen los diabéticos?Insulina
60%
74.Marca surcoreana de telefonía móvilSamsung
59%
33.¿Qué famoso matemático y físico falleció a causa de la ELA?Stephen Hawking
59%
9.Disco más vendido de todos los tiemposThriller - Michael Jackson
59%
54.¿Qué formación marítima separa Marruecos de España?El estrecho de Gibraltar
57%
64.¿Qué famoso cometa tiene una órbita de 75 años?El cometa Halley
56%
75.Marca norteamericana de telefonía móvilApple
55%
66.¿Qué es necesario para bailar la bamba?Una poca de gracia
53%
82.¿Qué país en las antillas se llama igual que una provincia andaluza?Granada
51%
85.¿En que ciudad alemana se originó el Oktoberfest?Múnich
51%
88.País cuya ciudad capital es Ulán BatorMongolia
49%
97.¿Cuál es la primera letra del alfabeto griego?Alpha
48%
30.¿Cuántos elementos posee la tabla periódica?118
47%
28.Nombra una lengua romance que comience por GGallego
47%
58.¿Cuánto duró la guerra de los 100 años?116 años
46%
77.¿A qué se dedican Magnus Carlsen y Gary Kasparov?Ajedrez
45%
98.Ciudad capital de IslandiaReikiavik
44%
99.¿Qué dirección es la opuesta a la que apunta al norte y al este?Suroeste
44%
39.Un "pucelano" es aquel nacido en......Valladolid
44%
81.¿Qué estado de EE.UU. se llama igual que un país asiático?Georgia
39%
23.¿Y Eric Clapton?Músico
39%
40.¿Cuál es el nombre del polígono de 12 lados?Dodecágono
38%
84.¿Quién ordenaba las cruzadas cristianas?El Papa
37%
49.Último gas nobleRadón
37%
50.Símbolo del anteriorRn
35%
46.Cataratas más altas de la TierraSalto Ángel
35%
86.¿Qué país se encuentra en la península de Anatolia?Turquía
34%
69.En los dardos, ¿cuál es la máxima puntuación posible en un tiro?60 puntos (20 x 3)
33%
22.¿Quién era Eric Dane?Actor
33%
95.¿Cuál es la isla más grande del mundo?Groenlandia
33%
70.Cítrico más grandePomelo
33%
35.Idioma más antiguo de EuropaEl vasco
32%
87.¿Cuál era la identidad secreta de Diego de la Vega?El Zorro
31%
93.¿Qué moneda se utilizaba en Italia antes del euro?La lira
31%
65.Autor de la canción "Never gonna give you up"Rick Astley
31%
67.Árbol frutal que produce el mangoMango o magnifera
30%
8.La caída de la cuidad de Constantinopla fue en el año......1453
29%
92.En el Sistema Internacional de medidas, ¿cómo se mide la Intensidad de corriente?Amperios
25%
89.El mayor líder de la historia de la respuesta anteriorGengis Khan
24%
79.¿Cuál es la pirámide más alta del mundo?La Gran Pirámide de Guiza
24%
56.Nombre del dios Sol en la Antigua GreciaHelios
20%
51.El acero se fabrica a partir de hierro y......carbono
19%
16.Animal más veloz del planetaHalcón peregrino
19%
60.Lago más profundo del mundoLago Baikal
19%
100.¿Cuál es la suma de los números de las preguntas de este test en total?5050
17%
59.Nombre de pila del inventor del cubo de RubikErnő Rubik
17%
38.¿Cómo se llamaba Al Capone?Alfonso Capone
13%
91.En economía, ¿a qué corresponden las siglas BBySS?Bienes y servicios
13%
94.¿Qué le falta a la cucaracha?Las dos patas de atrás
13%
96.¿En qué país puedes encontrar la isla Victoria?En Canadá
9%
90.¿Qué tienes si enrollas un hilo cargado eléctricamente alrededor de una barra de metal?Un electroimán
6%
61.¿Quién era apodado como "El Cura Rojo"?Antonio Vivaldi
5%

Distribución de puntuación

Porcentaje por número respondido

Porcentaje de gente con cada puntuación

Historial de tus puntuaciones

No has intentado esta prueba desde el último reinicio